| 000 | 00000nam##2200000za#4500 |
| 001 | 9.605989 |
| 003 | CaOODSP |
| 005 | 20210624212410 |
| 007 | cr ||||||||||| |
| 008 | 150406|1999||||xxc|||||o f|0| 0 fre|d |
| 040 | |aCaOODSP|bfre |
| 043 | |an-cn--- |
| 086 | 1 |aEn133-5/5-1999F-PDF |
| 110 | 2 |aTable ronde nationale sur l'environnement et l'économie (Canada) |
| 245 | 10|aAnalyse des problèmes de conception d'un programme d'échange de droits d'émission / |h[ressource électronique]|cpar Erik Haites et Robert Hornung. |
| 260 | |aOttawa - Ontario : |bTable ronde nationale sur l'environnement et l'économie |cFévrier 1999. |
| 300 | |a39p.|bréférences, tableaux |
| 490 | 1 |aDroits d'échange d'émission nationaux des gaz à effet de serre, série de documents techniques |
| 500 | |a«Le présent document présente les divers aspects d'un programme d'échange de droits d'émission et les options possibles pour résoudre les problèmes qu'il pose: problèmes relatifs à la portée du programme d'échange des droits d'émission... à la mesure, au rapport et à la vérification des allocations et des crédits... au coût de l'échange pour les participants... à l'utilisation d'allocations et de crédits... aux changements apportés au système d'échange de droits d'émission.»--Introduction. |
| 520 | 3 |aLe présent document présente les divers aspects d'un programme d'échange de droits d'émission et les options possibles pour résoudre les problèmes qu'il pose: problèmes relatifs à la portée du programme d'échange des droits d'émission... à la mesure, au rapport et à la vérification des allocations et des crédits... au coût de l'échange pour les participants... à l'utilisation d'allocations et de crédits... aux changements apportés au système d'échange de droits d'émission.--Introduction |
| 590 | |a13-19-Supp|b2013-08-14 |
| 691 | 07|aEffet de serre|2gcpds |
| 691 | 07|aGestion de l'environnement|2gcpds |
| 691 | 07|aLutte contre la pollution|2gcpds |
| 691 | 07|aClimat|2gcpds |
| 775 | 08|tAnalysis of emissions trading program design features / |w(CaOODSP)9.577177 |
| 776 | 0#|tAnalyse des problèmes de conception d'un programme d'échange de droits d'émission / |w(CaOODSP)9.625341 |
| 830 | #0|aDroits d'échange d'émission nationaux des gaz à effet de serre, série de documents techniques.|w(CaOODSP)9.503944 |
| 856 | 40|ahttp://publications.gc.ca|qPDF|s4757 Ko|uhttps://publications.gc.ca/collections/collection_2013/trnee-nrtee/En133-5-5-1999-fra.pdf |